000 01335cai a22002415a 4500
001 L158645
008 140115s xxk f 000 0 eng d
035 _a(Sirsi) u158645
041 0 _aeng
050 0 4 _a692.3 $2 18
110 2 _aRoyal Institution of Chartered Surveyors
_94900
240 _aIPMS
245 0 0 _aInternational Property Measurement Standards Coaliton
_h[electronic resource]
520 _aThe International Property Measurement Standards Coalition (IPMSC) is a group of 62 professional and not-for-profit organisations from around the world, working together to develop and implement international standards for measuring property. The IPMS Coalition was formed during a meeting at the World Bank in Washington on 01-02 May 2013. The final version of IPMS for Office Buildings was published in November 2014. Member organisations of the IPMS Coalition have made a commitment to promote the implementation the new international standards when published.
590 _aKA
650 2 4 _aInternational Property Measurement Standards
651 4 _aInternational
690 _aMeasurement
_96256
710 1 _aBuilding Owners and Managers Association
_93928
710 1 _aCouncil of European Geodetic Surveyors
856 4 0 _uhttps://ipmsc.org/
_zView the website free of charge at http://ipmsc.org...
942 _n0
999 _c121035
_d121035